000 00565nam a2200193Ia 4500
003 OSt
005 20240730114835.0
008 210210b1990 xxu||||| |||| 00| 0 eng d
040 _cAL
041 _akan
082 _aK894.4 KAIB
100 _aKAITANJE VISHNUBHATTA
_9167571
_dಕೈತಂಜೆ ವಿಷ್ಣುಭಟ್ಟ
245 _aBeteya suttu muttu.:
_bಬೇಟೆಯ ಸುತ್ತು ಮುತ್ತು
260 _aPutturu
_bKannada Sangha
_c1990
300 _aviii,147
690 _aKannada Prose
_9167572
906 _a043478
942 _2ddc
_cBK
999 _c92932
_d92932